00637 2200241 4500001002100000005001700021008004100038020001800079035002500097043001200122082000800134090001500142100001800157245005700175250001100232260003200243300002900275504003100304650001700335650001900352850001200371990001200383YOGYA-0313000000008220150601102211.0 ind  a979-518-170-X a0010-031300000000082 aYOPDYOG a001 a001bSoe B aSUYANTO, Agus aBimbingan kearah belajar yang suksescAgoes Soejanto aCet. 3 aJakartabRineka Ciptac1991 aviii, 130 hlm. ;c18 cm. aBibliografi : hlm. 129-130 aCara belajar aMetode belajar aYOPDYOG a20621-b